| 000 | 00491cam a2200169 a 4500 | ||
|---|---|---|---|
| 020 | _a0895886847 : | ||
| 082 | 0 | 0 |
_a652.5 _bWOO |
| 100 | 1 |
_aWoodward, Jeff. _944449 |
|
| 245 | 1 | 0 |
_aTeach yourself WordPerfect 5.1 for DOS / _cJeff Woodward. |
| 260 |
_aSan Francisco : _bSYBEX, _cc1990. |
||
| 300 |
_axxxix, 444 p. : _bill. ; _c23 cm. |
||
| 500 | _aIncludes index. | ||
| 526 |
_a0 _b0 _c0 _d652_500000000000000_WOO |
||
| 650 | 0 |
_aMCE _9379 |
|
| 650 | 0 |
_aWord processing. _936793 |
|
| 942 |
_2ddc _cBK |
||
| 999 |
_c548234 _d548234 |
||